00490nam a2200145Ia 4500008004100000020001800041050002900059100003300088245006300121250001200184260005800196300004100254500004100295521000800336140609s9999 xx 000 0 und d a9789711202705 aRC 270.3.H56b.G861 2006 aGregorios, Jocelyn H. Bruce- aHistopathologic techniques /cJocelyn H. Bruce-Gregorios a2nd ed. aQuezon City, Philippines :bGoodwill Trading,cc2006. a356 p. :bill. (some col.) ;c25 cm. aIncludes bibliographical references. aNUR